[Event "World op 20th"]
[Site "Philadelphia"]
[Date "1992.??.??"]
[Round "2"]
[White "Schleinkofer, K."]
[Black "Fink, Stanley"]
[Result "0-1"]
[WhiteElo "2290"]
[BlackElo "2270"]
[PlyCount "98"]
[EventDate "1992.06.??"]
[EventType "swiss"]
[EventRounds "9"]
[EventCountry "USA"]
[SourceTitle "TD"]
[Source "ChessBase"]
[SourceDate "1994.03.01"]
[SourceVersion "1"]
[SourceVersionDate "1994.03.01"]
[SourceQuality "1"]

1. d4 Nf6 2. Nf3 g6 3. Bg5 Bg7 4. e3 c5 5. c3 Qb6 6. Qc2 Nc6 7. Nbd2 cxd4 8. exd4 d6 9. Nc4 Qc7 10. Ne3 Qa5 11. Bxf6 Bxf6 12. Bd3 Bd7 13. Qe2 a6 14. Nc4 Qc7 15. Ne3 Qa5 16. Nd2 0-0 17. 0-0 Bg7 18. f4 e6 19. Qf2 Qd8 20. Rad1 d5 21. Nf3 Na7 22. Ng4 Bb5 23. Qg3 Bxd3 24. Rxd3 Nb5 25. Qh3 f6 26. Re1 Qd7 27. Nh6+ Kh8 28. Rde3 Rae8 29. Ng4 Nd6 30. Nh4 Qf7 31. Nf2 f5 32. Rg3 Kg8 33. Nf3 Bf6 34. Ne5 Bxe5 35. Rxe5 Ne4 36. Nxe4 dxe4 37. Re3 Rd8 38. Re2 Rd5 39. Rd2 Rfd8 40. Qe3 Qd7 41. Kf2 Rxe5 42. fxe5 Qd5 43. b3 f4 44. Qxf4 Rf8 45. Qxf8+ Kxf8 46. c4 Qd8 47. h3 Qg5 48. Re2 Qf4+ 49. Ke1 e3 0-1